|
|
|
|
| LEADER |
00750pam a22002298a 4500 |
| 001 |
00022035 |
| 005 |
20171026081025.0 |
| 008 |
110527s1979 ||||||Viesd |
| 041 |
0 |
# |
|a Vie
|
| 082 |
1 |
4 |
|a 891
|b TH460T
|
| 100 |
0 |
# |
|a Đào Xuân Quý
|e Chọn lọc và giới thiệu
|
| 245 |
0 |
0 |
|a Thơ Tagor
|c Đào Xuân Quý
|
| 260 |
# |
# |
|a H.
|b Văn Học
|c 1979
|
| 300 |
# |
# |
|a 236 tr.
|c 19 cm.
|
| 650 |
# |
4 |
|a Văn học hiện đại
|
| 650 |
# |
4 |
|a Ấn Độ
|
| 653 |
# |
# |
|a Thơ
|
| 852 |
# |
# |
|b Kho mượn
|j KM.0004764, KM.0004667
|
| 852 |
# |
# |
|b Kho đọc
|j KD.0007375
|
| 852 |
# |
# |
|j KD.0007375
|j KM.0004667
|j KM.0004764
|
| 910 |
0 |
# |
|a kìm
|d 27/05/2011
|
| 980 |
# |
# |
|a Trung tâm Học liệu Lê Vũ Hùng, Trường Đại học Đồng Tháp
|